I believe / (Record no. 1138)
[ view plain ]
| 000 -LEADER | |
|---|---|
| fixed length control field | 00727nam a22002411 4500 |
| 001 - CONTROL NUMBER | |
| control field | 1138 |
| 003 - CONTROL NUMBER IDENTIFIER | |
| rucl marc code | BD-RjUL |
| 005 - DATE AND TIME OF LATEST TRANSACTION | |
| control field | 20211208233300.0 |
| 008 - FIXED-LENGTH DATA ELEMENTS--GENERAL INFORMATION | |
| fixed length control field | 131124s1962 enk 00|00 eng d |
| 035 ## - SYSTEM CONTROL NUMBER | |
| System control number | (BD-RjUL)1160 |
| 040 ## - CATALOGING SOURCE | |
| Original cataloging agency | BD-RjUL |
| Language of cataloging | eng |
| Transcribing agency | BD-RjUL |
| Modifying agency | BD-RjUL |
| 041 ## - LANGUAGE CODE | |
| Language code of text/sound track or separate title | eng |
| 082 0# - DEWEY DECIMAL CLASSIFICATION NUMBER | |
| Classification number | 808.84 |
| Edition number | 19 |
| Author mark and year | IBE 1962 |
| 245 00 - TITLE STATEMENT | |
| Title | I believe / |
| Statement of responsibility, etc. | by W.H. Auden ... [et al.] |
| 260 0# - PUBLICATION, DISTRIBUTION, ETC. (IMPRINT) | |
| Place of publication, distribution, etc. | London : |
| Name of publisher, distributor, etc. | Allen & Unwin, |
| Date of publication, distribution, etc. | 1962 |
| 300 ## - PHYSICAL DESCRIPTION | |
| Pagination | 380p.: |
| Size | 21 cm. |
| 500 ## - GENERAL NOTE | |
| General note | Half-title: The personal philosophies of 23 eminent men and women of our time. |
| 650 ## - SUBJECT ADDED ENTRY--TOPICAL TERM | |
| Topical term or geographic name as entry element | Absolution |
| 9 (RLIN) | 3362 |
| Topical term or geographic name as entry element | Anglican Communion |
| 9 (RLIN) | 3363 |
| Topical term or geographic name as entry element | Theology |
| 9 (RLIN) | 3364 |
| 700 10 - ADDED ENTRY--PERSONAL NAME | |
| Personal name | Auden, W. H. |
| Fuller form of name | (Wystan Hugh), |
| Dates associated with a name | 1907-1973. |
| 942 ## - ADDED ENTRY ELEMENTS (KOHA) | |
| Source of classification or shelving scheme | Dewey Decimal Classification |
| Koha item type | Books |
| Lost status | Source of classification or shelving scheme | Damaged status | Not for loan | Collection code | Permanent Location | Current Location | Shelving location | Date acquired | Source of acquisition | Cost, normal purchase price | Total Checkouts | Full call number | Date last seen | Copy number | Koha item type |
|---|---|---|---|---|---|---|---|---|---|---|---|---|---|---|---|
| Dewey Decimal Classification | Not For Loan | Non-fiction | Central Library, University of Rajshahi | Central Library, University of Rajshahi | Reading Room | 02/07/1987 | Zeitlinger | 25.00 | 808.84 IBE 1962 | 24/11/2013 | C-1 | Books | |||
| Dewey Decimal Classification | Non-fiction | Central Library, University of Rajshahi | Central Library, University of Rajshahi | 03/09/1969 | zeithinger | 7.60 | 808.84 IBE 1965 | 02/04/2014 | C-2 | Books |